Caramba!-Hot Rhythm From South America (Record n. 99789)
[ formato base ]
| 000 -LEADER | |
|---|---|
| fixed length control field | 03334njm a2200529Ia 4500 |
| 001 - CONTROL NUMBER | |
| control field | 25583 |
| 003 - CONTROL NUMBER IDENTIFIER | |
| control field | IT-RoPAU |
| 005 - DATE AND TIME OF LATEST TRANSACTION | |
| control field | 20220918181121.0 |
| 008 - FIXED-LENGTH DATA ELEMENTS--GENERAL INFORMATION | |
| fixed length control field | 131025s9999 xx 000 0 und d |
| 040 ## - CATALOGING SOURCE | |
| Original cataloging agency | IT-RoPAU |
| 040 ## - CATALOGING SOURCE | |
| Transcribing agency | IT-RoPAU |
| 999 ## - SYSTEM CONTROL NUMBERS (KOHA) | |
| Koha Dewey Subclass [OBSOLETE] | n.d. |
| 100 ## - MAIN ENTRY--PERSONAL NAME | |
| Personal name | AA.VV. |
| 9 (RLIN) | 794 |
| 100 ## - MAIN ENTRY--PERSONAL NAME | |
| Relator term | Autore musica |
| 9 (RLIN) | 12183 |
| 100 ## - MAIN ENTRY--PERSONAL NAME | |
| Miscellaneous information | Codice autore musica SPICS: 12000 |
| 9 (RLIN) | 796 |
| 245 ## - TITLE STATEMENT | |
| Title | Caramba!-Hot Rhythm From South America |
| 250 ## - EDITION STATEMENT | |
| Edition statement | 1a ed. |
| 260 ## - PUBLICATION, DISTRIBUTION, ETC. (IMPRINT) | |
| Place of publication, distribution, etc. | GERMANY |
| 260 ## - PUBLICATION, DISTRIBUTION, ETC. (IMPRINT) | |
| Name of publisher, distributor, etc. | POLYDOR |
| Date of publication, distribution, etc. | 1965 [1a Ed.:1965 - Ed. Lingua Orig.: 1965] |
| 300 ## - PHYSICAL DESCRIPTION | |
| Extent | DISCO |
| 500 ## - GENERAL NOTE | |
| General note | Musica folk, pop. Ballo, rumba |
| 505 ## - FORMATTED CONTENTS NOTE | |
| Formatted contents note | Rumba Tambach (Rumba negra) - Besame mucho - Navidad negra - In A Little Spanish Town - Siboney - Moliendo cafè - Macarenas (La Virgen de la Macarena) - The Peanut Vendor - Tres palabras (Without You) - Amapola (Pretty Little Poppy) - Miami Beach Rumba - Mucho mucho (Te quiero dijiste) - Marinella - Taboo |
| 650 ## - SUBJECT ADDED ENTRY--TOPICAL TERM | |
| Topical term or geographic name as entry element | FOLK [DISCHI] |
| Relator term | Codice MATERIA SPICS: 9950 |
| 9 (RLIN) | 1209 |
| 700 ## - ADDED ENTRY--PERSONAL NAME | |
| Personal name | Delgado Roberto |
| Miscellaneous information | Codice interprete SPICS: 7994 |
| Relator term | Interprete |
| 9 (RLIN) | 12184 |
| 700 ## - ADDED ENTRY--PERSONAL NAME | |
| Personal name | Hernandez Rafael |
| Miscellaneous information | Codice autore musica SPICS: 14367 |
| Relator term | Autore musica |
| Name of part/section of a work | Rumba Tambach (Rumba negra) |
| 9 (RLIN) | 12185 |
| 700 ## - ADDED ENTRY--PERSONAL NAME | |
| Personal name | Velazquez Consuelo |
| Miscellaneous information | Codice autore musica SPICS: 15704 |
| Relator term | Autore musica |
| Name of part/section of a work | Besame mucho |
| 9 (RLIN) | 12186 |
| 700 ## - ADDED ENTRY--PERSONAL NAME | |
| Personal name | Barros |
| Miscellaneous information | Codice autore musica SPICS: 15863 |
| Relator term | Autore musica |
| Name of part/section of a work | Navidad negra |
| 9 (RLIN) | 12187 |
| 700 ## - ADDED ENTRY--PERSONAL NAME | |
| Personal name | Lewis Huey |
| Miscellaneous information | Codice autore musica SPICS: 13177 |
| Relator term | Autore musica |
| Name of part/section of a work | In A Little Spanish Town |
| 9 (RLIN) | 12188 |
| 700 ## - ADDED ENTRY--PERSONAL NAME | |
| Personal name | Young Victor |
| Miscellaneous information | Codice autore SPICS: 11205 |
| Relator term | Autore |
| Name of part/section of a work | In A Little Spanish Town |
| 9 (RLIN) | 12189 |
| 700 ## - ADDED ENTRY--PERSONAL NAME | |
| Personal name | Wayne M. |
| Miscellaneous information | Codice autore testo/musica SPICS: 25135 |
| Relator term | Autore testo/musica |
| Name of part/section of a work | In A Little Spanish Town |
| 9 (RLIN) | 12190 |
| 700 ## - ADDED ENTRY--PERSONAL NAME | |
| Personal name | Lecuona M. |
| Miscellaneous information | Codice autore musica SPICS: 14010 |
| Relator term | Autore musica |
| Name of part/section of a work | Siboney - Taboo |
| 9 (RLIN) | 12191 |
| 700 ## - ADDED ENTRY--PERSONAL NAME | |
| Personal name | Morse |
| Miscellaneous information | Codice autore SPICS: 15803 |
| Relator term | Autore |
| Name of part/section of a work | Siboney |
| 9 (RLIN) | 12192 |
| 700 ## - ADDED ENTRY--PERSONAL NAME | |
| Personal name | Manzo |
| Miscellaneous information | Codice autore musica SPICS: 15864 |
| Relator term | Autore musica |
| Name of part/section of a work | Moliendo cafè |
| 9 (RLIN) | 12193 |
| 700 ## - ADDED ENTRY--PERSONAL NAME | |
| Personal name | Monterde |
| Miscellaneous information | Codice autore musica SPICS: 15615 |
| Relator term | Autore musica |
| Name of part/section of a work | Macarenas (La Virgen de la Macarena) |
| 9 (RLIN) | 12194 |
| 700 ## - ADDED ENTRY--PERSONAL NAME | |
| Personal name | Simons |
| Miscellaneous information | Codice autore musica SPICS: 15821 |
| Relator term | Autore musica |
| Name of part/section of a work | The Peanut Vendor |
| 9 (RLIN) | 12195 |
| 700 ## - ADDED ENTRY--PERSONAL NAME | |
| Personal name | Gilbert Robert |
| Miscellaneous information | Codice autore musica SPICS: 14464 |
| Relator term | Autore musica |
| Name of part/section of a work | The Peanut Vendor - Tres palabras (Without You) |
| 9 (RLIN) | 12196 |
| 700 ## - ADDED ENTRY--PERSONAL NAME | |
| Personal name | Sunshine |
| Miscellaneous information | Codice autore testo/musica SPICS: 27534 |
| Relator term | Autore testo/musica |
| Name of part/section of a work | The Peanut Vendor |
| 9 (RLIN) | 12197 |
| 700 ## - ADDED ENTRY--PERSONAL NAME | |
| Personal name | Farres Osvaldo |
| Miscellaneous information | Codice autore SPICS: 14369 |
| Relator term | Autore |
| Name of part/section of a work | Tres palabras (Without You) |
| 9 (RLIN) | 12198 |
| 700 ## - ADDED ENTRY--PERSONAL NAME | |
| Personal name | Lacalle J.M. |
| Miscellaneous information | Codice autore musica SPICS: 14498 |
| Relator term | Autore musica |
| Name of part/section of a work | Amapola (Pretty Little Poppy) |
| 9 (RLIN) | 12199 |
| 700 ## - ADDED ENTRY--PERSONAL NAME | |
| Personal name | Gamse A. |
| Miscellaneous information | Codice autore SPICS: 14499 |
| Relator term | Autore |
| Name of part/section of a work | Amapola (Pretty Little Poppy) - Miami Beach Rumba |
| 9 (RLIN) | 12200 |
| 700 ## - ADDED ENTRY--PERSONAL NAME | |
| Personal name | Fields Dorothy |
| Miscellaneous information | Codice autore musica SPICS: 15865 |
| Relator term | Autore musica |
| Name of part/section of a work | Miami Beach Rumba |
| 9 (RLIN) | 12201 |
| 700 ## - ADDED ENTRY--PERSONAL NAME | |
| Personal name | Grever Maria |
| Miscellaneous information | Codice autore musica SPICS: 13517 |
| Relator term | Autore musica |
| Name of part/section of a work | Mucho mucho (Te quiero dijiste) |
| 9 (RLIN) | 12202 |
| 700 ## - ADDED ENTRY--PERSONAL NAME | |
| Personal name | Paquale |
| Miscellaneous information | Codice autore SPICS: 15866 |
| Relator term | Autore |
| Name of part/section of a work | Mucho mucho (Te quiero dijiste) |
| 9 (RLIN) | 12203 |
| 700 ## - ADDED ENTRY--PERSONAL NAME | |
| Personal name | Scotto Vincent |
| Miscellaneous information | Codice autore musica SPICS: 13394 |
| Relator term | Autore musica |
| Name of part/section of a work | Marinella |
| 9 (RLIN) | 12204 |
| 700 ## - ADDED ENTRY--PERSONAL NAME | |
| Personal name | Stillman |
| Miscellaneous information | Codice autore musica SPICS: 15855 |
| Relator term | Autore musica |
| 9 (RLIN) | 12205 |
| 942 ## - ADDED ENTRY ELEMENTS (KOHA) | |
| Koha item type | DISCHI |
| Source of classification or shelving scheme | Dewey Decimal Classification |
| Withdrawn status | Lost status | Damaged status | Not for loan | Home library | Current library | Date acquired | Total Checkouts | Full call number | Date last seen | Price effective from | Koha item type | Public note |
|---|---|---|---|---|---|---|---|---|---|---|---|---|
| Buone Condizioni | Not For Loan | SPICS-MEDIATECA | SPICS-MEDIATECA | 25/10/2013 | 25583 | 25/10/2013 | 25/10/2013 | DISCHI | Progr. Ins.: 5457 / N.Vol.: 1 / Copie: 1 - Copia rara: n.d. / date import: 01.01.2014 - By Epidotti, Trombetti, Vaglietti |